Neverbálna komunikácia - jej miesto a význam v poisťovníckej praxi
Odborná spôsobilosť a neverbálna komunikácia v kultúrne odlišnom prostredí. Neverbálna komunikácia ako dôležitý faktor úspešnej komunikácie v rámci multikultúrneho prostredia poisťovacích spoločností a v profesionálnej činnosti poisťovníctva.
Gespeichert in:
| 1. Verfasser: | |
|---|---|
| Format: | Buchkapitel |
| Sprache: | Slowakisch |
| Schlagworte: | |
| Tags: |
Keine Tags, Fügen Sie das erste Tag hinzu!
|
MARC
| LEADER | 00000nla a2200000 4500 | ||
|---|---|---|---|
| 001 | 0191512 | ||
| 005 | 20240502073222.1 | ||
| 041 | 0 | |a slo | |
| 044 | |a SK | ||
| 245 | 1 | 0 | |a Neverbálna komunikácia - jej miesto a význam v poisťovníckej praxi |c Mária Bláhová |
| 520 | |a Odborná spôsobilosť a neverbálna komunikácia v kultúrne odlišnom prostredí. Neverbálna komunikácia ako dôležitý faktor úspešnej komunikácie v rámci multikultúrneho prostredia poisťovacích spoločností a v profesionálnej činnosti poisťovníctva. | ||
| 610 | 2 | 0 | |a komunikácia |
| 610 | 2 | 0 | |a komunikácia verbálna |
| 610 | 2 | 0 | |a komunikácia neverbálna |
| 610 | 2 | 0 | |a komunikácia firemná |
| 610 | 2 | 0 | |a kultúra podniková |
| 610 | 2 | 0 | |a poisťovníctvo |
| 100 | 1 | |a Bláhová, Mária | |